| 000 | 00711nam a2200241 a 4500 | ||
|---|---|---|---|
| 001 | BRCA_3949 | ||
| 005 | 20190320204504.0 | ||
| 008 | 130110s1899----gw-a######---#000-0#ger-# | ||
| 041 | _ager | ||
| 044 | _agw | ||
| 050 | 4 |
_aF1215 _b.B45 2 _c1899 |
|
| 100 | 1 |
_aBelow, Ernst _d1845-1910 _910275 |
|
| 245 | 1 | 0 |
_aMexiko _bSkizzen und Typen aus dem Italien der neuen Welt _cvon Ernst Below. |
| 250 | _a2 | ||
| 260 |
_aBerlín _bAllgemeiner Verein für Deutsche Litteratur _c1899 |
||
| 300 |
_axvii, 362 p. _bil., 6 láminas _c22 cm. |
||
| 500 | _aEjemplar igual a B158 | ||
| 500 | _aCDE6 | ||
| 650 | 1 | 4 |
_aViajeros alemanes _97026 |
| 651 | 4 |
_aMéxico _xDescripción y viajes _9103 |
|
| 902 | _aGFM | ||
| 942 |
_2lcc _cB |
||
| 999 |
_c3676 _d3676 |
||